كلنا .. هذا الإنسان / (Record no. 6648)
[ view plain ]
| 000 -الفاتح | |
|---|---|
| حقل البيانات ثابتة الطول | 00700nam a22002291a 4500 |
| 003 - محدد رقم الضبط | |
| رقم الضبط | OSt |
| 005 - وقت وتاريخ اخر تعامل مع التسجيلة | |
| رقم الضبط | 20150819151933.0 |
| 008 - عناصر البيانات ثابتة الطول - معلومات عامة | |
| حقل البيانات ثابتة الطول | 101020s1993 ua fr 000 0 ara d |
| 020 ## - الرقم الدولى المعيارى للكتب | |
| الرقم الدولى المعيارى للكتاب | 9775337045 |
| 040 ## - مصدر الفهرسة | |
| وكالة الفهرسة الأصلية | EG-ScBUE |
| لغة الفهرسة | ara |
| وكالة النسخ | EG-ScBUE |
| 082 04 - رقم تصنيف ديوى العشرى | |
| رقم التصنيف | 212.5 |
| رقم المادة | ر ا ف |
| رقم الطبعة | 22 |
| 100 1# - المدخل الرئيسى - إسم شخصى | |
| الإسم الشخصى | رافع، عائشة. |
| 9 (RLIN) | 16734 |
| 245 ## - بيان العنوان | |
| العنوان | كلنا .. هذا الإنسان / |
| بيان المسئوليه,etc | عائشة رافع. |
| 250 ## - بيان الطبعة | |
| بيان الطبعة | ط.1. |
| 260 ## - PUBLICATION, DISTRIBUTION, ETC. (IMPRINT) | |
| مكان الناشر او الموزع | الإسكندرية : |
| اسم الناشر او الموزع | دار صادق للنشر، |
| تاريخ النشر أو التوزيع | 1993. |
| 300 ## - الوصف المادى | |
| التعداد | 104 ص ؛ |
| أبعاد الوعاء | 18 سم. |
| 590 ## - تبصرة محلية(RLIN) | |
| تبصرة محلية | Menna Elemam |
| 650 ## - المدخل الاضافى بالموضوع-مصطلح موضوعى | |
| مصطلح موضوعي أو اسم جغرافي كعنصر مدخل | الأخلاق الإسلامية |
| 9 (RLIN) | 15836 |
| مصدر الرأس أو المصطلح | BUEsh |
| 651 ## - المدخل الاضافى بالموضوع - اسم جغرافى | |
| مصدر الرأس أو المصطلح | BUEsh |
| 653 ## - مصطلح تكشيفى غير مقيد | |
| Resource For college | Arabic Literature |
| Arrived date list | August2015 |
| 942 ## - عناصر المدخل الإضافي( كوها) | |
| Koha [default] item type | Book - Borrowing |
| سابقة رقم الطلب | 212.5 ر ا ف |
| مصدر التصنيف او مخطط الترفيف | Dewey Decimal Classification |
| حالة التراجع | حالة الفقد | مصدر التصنيف او خطة الترفيف | حالة تلف | ليس للاعارة | مجموعات كوها | المكان الدائم | المكان الحالي | موقع الترفيف | تاريخ الاكتساب | Source of acquisition | رقم الاستدعاء | الباركود | Date last seen | نوع الوعاء | مُعار |
|---|---|---|---|---|---|---|---|---|---|---|---|---|---|---|---|
| Dewey Decimal Classification | Central Library | Central Library | Lower Floor | 28/11/2007 | 212.5 ر ا ف | 000008115 | 15/07/2025 | Book - Borrowing | |||||||
| Dewey Decimal Classification | Central Library | Central Library | Lower Floor | 28/11/2007 | 212.5 ر ا ف | 000008116 | 15/07/2025 | Book - Borrowing | 20/10/2022 | ||||||
| Dewey Decimal Classification | Central Library | Central Library | Lower Floor | 28/11/2007 | 212.5 ر ا ف | 000008117 | 15/07/2025 | Book - Borrowing |